000 00290nam a22001337a 4500
008 181022b xxu||||| |||| 00| 0 eng d
020 _a9780029087527
041 _aeng
080 _a941
100 _a17
101 _aHIS
245 _aChinese Civilization
_cEbrey, P.B
942 _2udc
_cBK
999 _c50528
_d50528